00903nam a2200265Ia 450000500170000000800410001702000150005804000350007304100080010808200180011610000340013424501000016825000220026826400300029030000400032033600270036033700330038733800280042049000270044865000330047565000420050865000350055065000270058570000250061220220316235314.0121119s1999 ck a gs 000 0 spa d a9701504739 aCO-BoRNBPbspacCO-BoRNBPerda0 aspa04a363.738bS15I1 aSans Fonfria, Ramón,eautor10aIngeniería ambientalbcontaminación y tratamientoscRamon Sans Fonfria, Joan de Pablo Ribas aPrimera edición 1aBogotábAlfaomegac1999 a143 páginasbilustracionesc24 cm atextobtxt2rdacontent asin mediaciónbn2rdamedia avolumenbnc2rdacarrier0 aColección productiva14aIngeniería ambiental2LEMB14aProtección del medio ambiente2LEMB14aContaminación del aire2LEMB14aAguas residuales2LEMB1 aRibas, Joan de Pablo